[Event "Olimpiada Dresden 2008 Femenina"]
[Site "Dresden GER"]
[Date "2008.11.15"]
[Round "3.20"]
[White "Lang, Heather"]
[Black "Pham, Le Thao Nguyen"]
[Result "0-1"]
[WhiteElo "2063"]
[BlackElo "2304"]
[PlyCount "79"]
[EventDate "2008.11.13"]
[EventType "team-tourn"]
[EventRounds "11"]
[EventCountry "GER"]
[Source "lmi"]
[SourceDate "2008.11.13"]
[WhiteTeam "Escocia"]
[BlackTeam "Vietnam"]
[WhiteTeamCountry "SCO"]
[BlackTeamCountry "VIE"]

1. e4 d5 2. exd5 Nf6 3. Bb5+ Bd7 4. Be2 Nxd5 5. d4 Bf5 6. Nf3 e6 7. O-O Bd6 8.
c4 Nf6 9. Qb3 Qc8 10. Nc3 Nbd7 11. Nb5 O-O 12. Nxd6 cxd6 13. Bf4 Qc6 14. d5 Qc5
15. Be3 Qc8 16. dxe6 Bxe6 17. Rfd1 Nc5 18. Qa3 Nce4 19. Nd4 a6 20. f3 Nc5 21.
b4 Ncd7 22. Nxe6 fxe6 23. Rxd6 e5 24. Rad1 Qe8 25. c5 Kh8 26. Qb3 h6 27. a4 Rc8
28. Bc4 Nb8 29. Be6 Rc7 30. b5 e4 31. f4 Re7 32. h3 Nh5 33. f5 Ng3 34. Kh2 Nh5
35. Qb2 Nf6 36. Bxh6 Qh5 37. Bf4 Rxe6 38. fxe6 Ng4+ 39. Kg1 Qxc5+ 40. Qd4 0-1

[Event "Olimpiada Dresden 2008 Femenina"]
[Site "Dresden GER"]
[Date "2008.11.15"]
[Round "3.20"]
[White "Le, Kieu Thien Kim"]
[Black "Giulian, Rosemary A"]
[Result "1/2-1/2"]
[WhiteElo "2291"]
[BlackElo "2032"]
[PlyCount "144"]
[EventDate "2008.11.13"]
[EventType "team-tourn"]
[EventRounds "11"]
[EventCountry "GER"]
[Source "lmi"]
[SourceDate "2008.11.13"]
[WhiteTeam "Vietnam"]
[BlackTeam "Escocia"]
[WhiteTeamCountry "VIE"]
[BlackTeamCountry "SCO"]

1. e4 c5 2. Nf3 d6 3. Bb5+ Nd7 4. O-O Ngf6 5. Re1 a6 6. Bf1 b6 7. c4 Bb7 8. Nc3
e6 9. d4 cxd4 10. Qxd4 Be7 11. Bg5 O-O 12. Rad1 Qc7 13. Bh4 Rac8 14. Bg3 e5 15.
Qe3 Nc5 16. Nd5 Bxd5 17. exd5 Ng4 18. Qe2 f5 19. Nd4 f4 20. Bh4 f3 21. Nxf3
Bxh4 22. Nxh4 Nxf2 23. Rd2 e4 24. Qe3 Ncd3 25. Ree2 Ng4 26. Qd4 Qf7 27. Rd1
Ngf2 28. Rb1 g5 29. Rxe4 Nxe4 30. Bxd3 Qf2+ 31. Qxf2 Nxf2 32. Bf5 Rxc4 33. Be6+
Kh8 34. Nf5 Nd3 35. Nxd6 Rc1+ 36. Rxc1 Nxc1 37. h3 Ne2+ 38. Kh2 Nd4 39. Bg4 Kg7
40. Ne4 Kg6 41. a4 h5 42. Bd1 Rd8 43. Nc3 b5 44. axb5 axb5 45. b4 Re8 46. d6
Re6 47. d7 Rd6 48. Ne4 Rxd7 49. Bxh5+ Kh6 50. Nc5 Re7 51. Bg4 Nc6 52. Nd3 Kg6
53. Kg1 Kf6 54. Kf2 Nd4 55. Ne1 Rc7 56. Ke3 Rc4 57. Nd3 Nc2+ 58. Kd2 Nxb4 59.
Be2 Nd5 60. Nf2 Rd4+ 61. Kc2 Ne3+ 62. Kc3 Rf4 63. Bf3 Rc4+ 64. Kd3 Nc2 65. Ne4+
Kg6 66. Nd6 Ne1+ 67. Ke2 Nxf3 68. Nxc4 Ng1+ 69. Kd3 bxc4+ 70. Kxc4 Kh5 71. Kd3
Kh4 72. Ke4 Nxh3 1/2-1/2

[Event "Olimpiada Dresden 2008 Femenina"]
[Site "Dresden GER"]
[Date "2008.11.15"]
[Round "3.20"]
[White "Wilman, Carey"]
[Black "Hoang, Thi Bao Tram"]
[Result "0-1"]
[WhiteElo "2037"]
[BlackElo "2250"]
[PlyCount "87"]
[EventDate "2008.11.13"]
[EventType "team-tourn"]
[EventRounds "11"]
[EventCountry "GER"]
[Source "lmi"]
[SourceDate "2008.11.13"]
[WhiteTeam "Escocia"]
[BlackTeam "Vietnam"]
[WhiteTeamCountry "SCO"]
[BlackTeamCountry "VIE"]

1. d4 Nf6 2. c4 e5 3. dxe5 Ng4 4. Bf4 Nc6 5. Nf3 Bb4+ 6. Nc3 Bxc3+ 7. bxc3 Qe7
8. Qd5 f6 9. exf6 Nxf6 10. Qd3 d6 11. g3 O-O 12. Bg2 Ne4 13. Nd4 Nc5 14. Qe3
Qxe3 15. Bxe3 Bd7 16. Bd5+ Kh8 17. Nxc6 bxc6 18. Bg2 Na4 19. Rb1 Rab8 20. Rb3
c5 21. O-O Rxb3 22. axb3 Nxc3 23. Ra1 Nxe2+ 24. Kf1 Nd4 25. Rxa7 Nxb3 26. Rxc7
Be6 27. Bd5 Bh3+ 28. Ke2 h6 29. Kd3 Bf1+ 30. Kc3 Nd4 31. h4 Bh3 32. Ra7 Bg4 33.
Ra6 Nf5 34. Bf4 Rf6 35. Be4 Rf8 36. Bxd6 Nxd6 37. Rxd6 Bf5 38. Bxf5 Rxf5 39. f4
Rf8 40. Rc6 Rf5 41. Kd3 Kh7 42. Ke4 g6 43. Rc7+ Kg8 44. g4 0-1

[Event "Olimpiada Dresden 2008 Femenina"]
[Site "Dresden GER"]
[Date "2008.11.15"]
[Round "3.21"]
[White "Arribas Robaina, Maritza"]
[Black "Ramirez, M Eugenia"]
[Result "1-0"]
[WhiteElo "2303"]
[BlackElo "2016"]
[PlyCount "82"]
[EventDate "2008.11.13"]
[EventType "team-tourn"]
[EventRounds "11"]
[EventCountry "GER"]
[Source "lmi"]
[SourceDate "2008.11.13"]
[WhiteTeam "Cuba"]
[BlackTeam "Bolivia"]
[WhiteTeamCountry "CUB"]
[BlackTeamCountry "BOL"]

1. e4 c6 2. d4 d5 3. e5 Bf5 4. Nc3 e6 5. g4 Bg6 6. Nge2 f6 7. Nf4 Bf7 8. Qe2
Qe7 9. h4 fxe5 10. dxe5 Qc7 11. g5 Nd7 12. Bh3 Qxe5 13. Bxe6 Bd6 14. Bxf7+ Kxf7
15. Be3 Qf5 16. Nh5 Ne7 17. Ng3 Qe6 18. Qf3+ Kg8 19. O-O-O Rf8 20. Qg2 Be5 21.
Nge2 Nf5 22. Bf4 Bxc3 23. Nxc3 d4 24. Rhe1 Qf7 25. Ne2 Qxa2 26. Nxd4 Qa1+ 27.
Kd2 Qa5+ 28. b4 Qxb4+ 29. c3 Qb2+ 30. Nc2 Nc5 31. Re3 Nxe3 32. Bxe3 Nb3+ 33.
Kd3 Rd8+ 34. Bd4 Nxd4 35. Nxd4 c5 36. Qe4 Qb6 37. Ke2 cxd4 38. Rxd4 Qb5+ 39.
Kf3 Rxd4 40. cxd4 Kf7 41. d5 Re8 1-0

[Event "Olimpiada Dresden 2008 Femenina"]
[Site "Dresden GER"]
[Date "2008.11.15"]
[Round "3.21"]
[White "Cordero, Daniela"]
[Black "Ordaz Valdes, Lisandra"]
[Result "0-1"]
[WhiteElo "1990"]
[BlackElo "2306"]
[PlyCount "91"]
[EventDate "2008.11.13"]
[EventType "team-tourn"]
[EventRounds "11"]
[EventCountry "GER"]
[Source "lmi"]
[SourceDate "2008.11.13"]
[WhiteTeam "Bolivia"]
[BlackTeam "Cuba"]
[WhiteTeamCountry "BOL"]
[BlackTeamCountry "CUB"]

1. d4 Nf6 2. c4 e6 3. Nf3 b6 4. Nc3 Bb4 5. Bg5 h6 6. Bh4 Bb7 7. Nd2 Bxc3 8.
bxc3 d6 9. f3 Nbd7 10. e4 Qe7 11. Qa4 g5 12. Bf2 Kf8 13. Bd3 Kg7 14. O-O e5 15.
Rfe1 Nh5 16. Nf1 Nf4 17. Ne3 Qe8 18. Bf1 Nf6 19. Qa3 Bc8 20. c5 dxc5 21. dxc5
Be6 22. c4 Nd7 23. Nd5 Rc8 24. Qxa7 bxc5 25. Qa3 c6 26. Ne3 Kh7 27. Qc3 f6 28.
Nf5 Ra8 29. g3 Ng6 30. a4 Ra6 31. a5 Qa8 32. Red1 Qb8 33. Be1 Qc7 34. Ra2 Rb8
35. Qe3 Ngf8 36. h4 Qb7 37. Rh2 Bxf5 38. exf5 Kg7 39. hxg5 hxg5 40. f4 gxf4 41.
gxf4 Kf7 42. Be2 Qb3 43. Rd3 Qb1 44. Bh5+ Ke7 45. fxe5 fxe5 46. Qg5+ 0-1

[Event "Olimpiada Dresden 2008 Femenina"]
[Site "Dresden GER"]
[Date "2008.11.15"]
[Round "3.21"]
[White "Linares Napoles, Oleiny"]
[Black "Barrenechea, Stefanie"]
[Result "1-0"]
[WhiteElo "2261"]
[BlackElo "1978"]
[PlyCount "62"]
[EventDate "2008.11.13"]
[EventType "team-tourn"]
[EventRounds "11"]
[EventCountry "GER"]
[Source "lmi"]
[SourceDate "2008.11.13"]
[WhiteTeam "Cuba"]
[BlackTeam "Bolivia"]
[WhiteTeamCountry "CUB"]
[BlackTeamCountry "BOL"]

1. d4 d5 2. c4 e6 3. Nc3 Nf6 4. cxd5 exd5 5. Bg5 c6 6. e3 Be7 7. Bd3 Nbd7 8.
Qc2 Nh5 9. Bxe7 Qxe7 10. O-O-O Nb6 11. h3 g6 12. Nf3 Bd7 13. Kb1 Ng7 14. g4
O-O-O 15. Rc1 Kb8 16. Ka1 Rc8 17. Ne5 c5 18. dxc5 Rxc5 19. Nxd7+ Qxd7 20. Qe2
Rhc8 21. Qf3 Ne6 22. Ne2 Nc4 23. Bxc4 dxc4 24. Rhd1 Qc7 25. Qg3 b5 26. Qxc7+
R8xc7 27. Nc3 f5 28. Nd5 Rf7 29. f4 h6 30. Nb4 Kb7 31. Rd6 Nf8 1-0

[Event "Olimpiada Dresden 2008 Femenina"]
[Site "Dresden GER"]
[Date "2008.11.15"]
[Round "3.21"]
[White "Solis, Gabriela"]
[Black "Marrero Lopez, Yaniet"]
[Result "0-1"]
[WhiteElo "1929"]
[BlackElo "2260"]
[PlyCount "127"]
[EventDate "2008.11.13"]
[EventType "team-tourn"]
[EventRounds "11"]
[EventCountry "GER"]
[Source "lmi"]
[SourceDate "2008.11.13"]
[WhiteTeam "Bolivia"]
[BlackTeam "Cuba"]
[WhiteTeamCountry "BOL"]
[BlackTeamCountry "CUB"]

1. e4 c5 2. Nf3 Nc6 3. Bb5 g6 4. Bxc6 dxc6 5. d3 Bg7 6. h3 Nf6 7. Nc3 O-O 8.
Be3 b6 9. Qd2 e5 10. Bh6 Qd6 11. Bxg7 Kxg7 12. Qg5 Re8 13. g4 a5 14. Nh4 h6 15.
Qe3 Nh7 16. Ng2 a4 17. a3 Nf8 18. f4 exf4 19. Nxf4 Ne6 20. Nce2 Nxf4 21. Qxf4
Qxf4 22. Nxf4 c4 23. Kd2 Ra5 24. Rae1 cxd3 25. cxd3 Rb5 26. Kc2 Rbe5 27. Re3
Be6 28. Rhe1 Bb3+ 29. Kd2 Rd8 30. Rf3 c5 31. Ke3 b5 32. h4 Rb8 33. Rf2 b4 34.
Rc1 Rbe8 35. Kf3 c4 36. Re2 bxa3 37. bxa3 c3 38. Ke3 c2 39. Rf2 Kg8 40. Ne2 f5
41. gxf5 gxf5 42. Ng3 fxe4 43. Nxe4 Bd5 44. Rf4 Bxe4 45. Rxe4 Rxe4+ 46. dxe4
Rb8 47. Rxc2 Rb3+ 48. Kf4 Rxa3 49. e5 Rh3 50. Kg4 Re3 51. Kf5 Kf7 52. Rc7+ Ke8
53. Ra7 a3 54. h5 Rf3+ 55. Kg6 Re3 56. Kf6 Rf3+ 57. Ke6 Kd8 58. Ra8+ Kc7 59.
Ke7 Kb7 60. Ra4 Kc6 61. e6 Re3 62. Kf7 Rf3+ 63. Ke8 Kb5 64. Ra8 0-1

[Event "Olimpiada Dresden 2008 Femenina"]
[Site "Dresden GER"]
[Date "2008.11.15"]
[Round "3.22"]
[White "De Jager, Carmen"]
[Black "Skinke, Katrina"]
[Result "0-1"]
[WhiteElo "1800"]
[BlackElo "2186"]
[PlyCount "85"]
[EventDate "2008.11.13"]
[EventType "team-tourn"]
[EventRounds "11"]
[EventCountry "GER"]
[Source "lmi"]
[SourceDate "2008.11.13"]
[WhiteTeam "Sudáfrica"]
[BlackTeam "Letonia"]
[WhiteTeamCountry "RSA"]
[BlackTeamCountry "LAT"]

1. d4 g6 2. c4 Bg7 3. Nf3 d6 4. g3 Nf6 5. Bg2 O-O 6. O-O Nbd7 7. Nc3 e5 8. e4
c6 9. Re1 Re8 10. Rb1 Qb6 11. c5 dxc5 12. Na4 Qa6 13. dxc5 b5 14. cxb6 axb6 15.
Nc3 b5 16. Bf1 Nb6 17. a4 Nxa4 18. Ra1 Qa5 19. Nxa4 Bg4 20. Re3 bxa4 21. Bd2
Qc7 22. Rxa4 Bh6 23. Rea3 Rad8 24. Qe1 Bxf3 25. Ba5 Qxa5 26. Qxa5 Bxe4 27. Ra1
Rd2 28. b3 Bd5 29. R4a2 Ne4 30. Bc4 Bxc4 31. bxc4 Rd4 32. Qc7 Nd6 33. Qxc6 Kg7
34. c5 Rc8 35. Qb6 Nc4 36. Qb5 Bg5 37. Ra7 e4 38. Rxf7+ Kxf7 39. Qb7+ Be7 40.
Qxc8 Ne5 41. Kg2 Rd2 42. Qh8 Bf6 43. Ra7+ 0-1

[Event "Olimpiada Dresden 2008 Femenina"]
[Site "Dresden GER"]
[Date "2008.11.15"]
[Round "3.22"]
[White "Ni, Viktorija"]
[Black "Sischy, Monique Sian"]
[Result "0-1"]
[WhiteElo "2168"]
[BlackElo "1965"]
[PlyCount "77"]
[EventDate "2008.11.13"]
[EventType "team-tourn"]
[EventRounds "11"]
[EventCountry "GER"]
[Source "lmi"]
[SourceDate "2008.11.13"]
[WhiteTeam "Letonia"]
[BlackTeam "Sudáfrica"]
[WhiteTeamCountry "LAT"]
[BlackTeamCountry "RSA"]

1. e4 c5 2. Nf3 d6 3. d4 cxd4 4. Nxd4 Nf6 5. Nc3 a6 6. Be3 e5 7. Nf3 h6 8. Bc4
Nbd7 9. O-O b5 10. Bd5 Nxd5 11. Nxd5 Bb7 12. a4 Rb8 13. axb5 axb5 14. Ra7 Be7
15. Nxe7 Qxe7 16. Qd3 O-O 17. Qxb5 Nf6 18. Nd2 Qc7 19. f3 Qc8 20. Qc4 d5 21.
Qxc8 Rfxc8 22. c3 dxe4 23. fxe4 Ng4 24. Re1 Rd8 25. Nc4 Bxe4 26. Bc5 Bd5 27.
Nb6 Nf6 28. b4 e4 29. c4 Be6 30. h3 Rd2 31. b5 Rc2 32. Ra4 Rd8 33. Be3 Nd7 34.
Nxd7 Rxd7 35. c5 Rb7 36. Ra5 Rb2 37. b6 Bd5 38. Ra8+ Kh7 39. Rd8 0-1

[Event "Olimpiada Dresden 2008 Femenina"]
[Site "Dresden GER"]
[Date "2008.11.15"]
[Round "3.23"]
[White "Hamza, Amira"]
[Black "Mamedjarova, Turkan"]
[Result "1-0"]
[WhiteElo "1880"]
[BlackElo "2269"]
[PlyCount "68"]
[EventDate "2008.11.13"]
[EventType "team-tourn"]
[EventRounds "11"]
[EventCountry "GER"]
[Source "lmi"]
[SourceDate "2008.11.13"]
[WhiteTeam "Argelia"]
[BlackTeam "Azerbaiyán"]
[WhiteTeamCountry "ALG"]
[BlackTeamCountry "AZE"]

1. b3 d5 2. e3 Bf5 3. g4 Be4 4. Nf3 e6 5. d3 Bxf3 6. Qxf3 Bb4+ 7. c3 Bd6 8. h4
Nd7 9. Qg2 c6 10. f4 Qc7 11. Qf3 e5 12. f5 e4 13. dxe4 Ngf6 14. exd5 Ne5 15.
Qg2 Nexg4 16. dxc6 bxc6 17. Rh3 O-O 18. h5 Rfe8 19. Be2 Nh6 20. Nd2 Nxf5 21.
Nc4 Rad8 22. Kd1 Ne4 23. Kc2 Bg3 24. Qf3 Nh4 25. Qf1 Rd5 26. Rxh4 Bxh4 27. Bf3
Qh2+ 28. Qg2 Qxg2+ 29. Bxg2 Rxh5 30. Kd3 Nxc3 31. Bxc6 Rd8+ 32. Kc2 Bf6 33. Bd2
Ne4 34. Rd1 Nxd2 1-0

[Event "Olimpiada Dresden 2008 Femenina"]
[Site "Dresden GER"]
[Date "2008.11.15"]
[Round "3.23"]
[White "Isgandarova, Khayala"]
[Black "Latreche, Sabrina"]
[Result "1-0"]
[WhiteElo "2206"]
[BlackElo "2015"]
[PlyCount "83"]
[EventDate "2008.11.13"]
[EventType "team-tourn"]
[EventRounds "11"]
[EventCountry "GER"]
[Source "lmi"]
[SourceDate "2008.11.13"]
[WhiteTeam "Azerbaiyán"]
[BlackTeam "Argelia"]
[WhiteTeamCountry "AZE"]
[BlackTeamCountry "ALG"]

1. Nf3 c5 2. g3 Nf6 3. Bg2 Nc6 4. O-O d5 5. d4 e6 6. c4 Be7 7. cxd5 exd5 8. Nc3
cxd4 9. Nxd4 O-O 10. Be3 Re8 11. Rc1 h6 12. Nxc6 bxc6 13. Na4 Bd7 14. Bc5 Qa5
15. Re1 Bxc5 16. Rxc5 Qa6 17. b4 Rab8 18. Ra5 Qc4 19. a3 Bg4 20. f3 Bh5 21. Kf2
Re7 22. Qd3 Qxd3 23. exd3 Rbe8 24. Rxe7 Rxe7 25. Rc5 Bg6 26. Bf1 Re6 27. Bh3
Re7 28. d4 Bd3 29. Nc3 Rc7 30. b5 Kf8 31. Rxc6 Rb7 32. a4 Bc4 33. Bf1 Bb3 34.
a5 Ne8 35. Rc5 Rd7 36. b6 axb6 37. axb6 Rb7 38. Rc6 Rb8 39. Ba6 Ke7 40. b7 Nd6
41. Rc8 Nxc8 42. Kg1 1-0

[Event "Olimpiada Dresden 2008 Femenina"]
[Site "Dresden GER"]
[Date "2008.11.15"]
[Round "3.23"]
[White "Latreche, Khadidja"]
[Black "Kazimova, Narmin Nizami qizi"]
[Result "0-1"]
[WhiteElo "1819"]
[BlackElo "2171"]
[PlyCount "73"]
[EventDate "2008.11.13"]
[EventType "team-tourn"]
[EventRounds "11"]
[EventCountry "GER"]
[Source "lmi"]
[SourceDate "2008.11.13"]
[WhiteTeam "Argelia"]
[BlackTeam "Azerbaiyán"]
[WhiteTeamCountry "ALG"]
[BlackTeamCountry "AZE"]

1. e4 c5 2. Nf3 Nc6 3. d4 cxd4 4. Nxd4 e5 5. Nb5 d6 6. N1c3 a6 7. Na3 b5 8. Nd5
Nf6 9. Bg5 Be7 10. Bxf6 Bxf6 11. c3 O-O 12. Nc2 Bg5 13. g3 Be6 14. Bg2 Ne7 15.
Nce3 Bxe3 16. Nxe3 Qb6 17. O-O a5 18. Re1 b4 19. Nf5 Bxf5 20. exf5 Rad8 21. Qg4
bxc3 22. f6 Ng6 23. bxc3 gxf6 24. h4 Kh8 25. Rab1 Qc5 26. Qf5 Kg7 27. h5 Qxc3
28. h6+ Kxh6 29. Qxf6 Rb8 30. Bf3 Rxb1 31. Rxb1 Qc2 32. Re1 Rb8 33. Kg2 Rb1 34.
g4 Qd2 35. Rxb1 Qg5 36. Rh1+ Qh4 37. g5# 0-1

[Event "Olimpiada Dresden 2008 Femenina"]
[Site "Dresden GER"]
[Date "2008.11.15"]
[Round "3.24"]
[White "Mencos, Claudia"]
[Black "Golubenko, Valentina"]
[Result "0-1"]
[WhiteElo "1914"]
[BlackElo "2273"]
[PlyCount "111"]
[EventDate "2008.11.13"]
[EventType "team-tourn"]
[EventRounds "11"]
[EventCountry "GER"]
[Source "lmi"]
[SourceDate "2008.11.13"]
[WhiteTeam "Guatemala"]
[BlackTeam "Croacia"]
[WhiteTeamCountry "GUA"]
[BlackTeamCountry "CRO"]

1. e4 c5 2. Nf3 d6 3. d4 cxd4 4. Nxd4 Nf6 5. Nc3 a6 6. Be3 e5 7. Nb3 Be6 8. Qd2
Nbd7 9. O-O-O Be7 10. f4 Ng4 11. g3 Nxe3 12. Qxe3 b5 13. Kb1 Qb6 14. Qe1 b4 15.
Nd5 Bxd5 16. exd5 O-O 17. Bh3 f5 18. Nd4 g6 19. g4 fxg4 20. Bxg4 Rxf4 21. Be6+
Kg7 22. Ne2 Nc5 23. Nxf4 exf4 24. Rd4 Rf8 25. Rf1 Bg5 26. Rxb4 Qd8 27. Qe2 a5
28. Rb5 a4 29. a3 Qf6 30. Qf3 Qe5 31. Rb4 Qe3 32. h4 Qxf3 33. Rxf3 Bxh4 34.
Rbxf4 Rxf4 35. Rxf4 Bf6 36. Ka2 g5 37. Rc4 h5 38. Bf5 Bd8 39. b4 axb3+ 40. cxb3
Kf6 41. Bh3 g4 42. Bf1 Nd7 43. Rc8 Ke7 44. Rc2 h4 45. b4 Nf6 46. Rc4 h3 47. a4
Kd7 48. Rxg4 Nxg4 49. Bxh3 Bh4 50. Kb3 Be1 51. Bxg4+ Kc7 52. a5 Bd2 53. Ka4 Kb7
54. b5 Bc3 55. b6 Ka6 56. Bc8# 0-1

[Event "Olimpiada Dresden 2008 Femenina"]
[Site "Dresden GER"]
[Date "2008.11.15"]
[Round "3.24"]
[White "Medic, Mirjana"]
[Black "Castillo, Dina"]
[Result "1/2-1/2"]
[WhiteElo "2281"]
[BlackElo "2041"]
[PlyCount "95"]
[EventDate "2008.11.13"]
[EventType "team-tourn"]
[EventRounds "11"]
[EventCountry "GER"]
[Source "lmi"]
[SourceDate "2008.11.13"]
[WhiteTeam "Croacia"]
[BlackTeam "Guatemala"]
[WhiteTeamCountry "CRO"]
[BlackTeamCountry "GUA"]

1. e4 c5 2. Nf3 Nc6 3. Bb5 Nf6 4. Bxc6 dxc6 5. d3 Nd7 6. e5 Nb6 7. Nbd2 Bg4 8.
h3 Bxf3 9. Nxf3 e6 10. c4 Qd7 11. Qb3 Rd8 12. Bg5 Be7 13. Bxe7 Qxe7 14. O-O O-O
15. Rae1 Nc8 16. Re4 Qd7 17. d4 cxd4 18. Rxd4 Qc7 19. Rfd1 Rxd4 20. Rxd4 c5 21.
Rd2 Ne7 22. Qb5 Nc6 23. Qxc5 h6 24. Rd6 Rc8 25. b3 b6 26. Qe3 b5 27. cxb5 Nb4
28. Qd2 Qc5 29. Rd4 Qc1+ 30. Kh2 Qxd2 31. Rxd2 Rc5 32. a4 Nd5 33. Nd4 Kf8 34.
Rc2 Rxc2 35. Nxc2 Ke8 36. Nd4 Kd7 37. Nc6 Kc7 38. Nxa7 Nf4 39. Nc6 Nd3 40. Kg3
Kb6 41. Kf3 f6 42. exf6 gxf6 43. Ke3 Nc5 44. Nd4 e5 45. Nf5 h5 46. h4 Nxb3 47.
g4 Nc5 48. gxh5 1/2-1/2

[Event "Olimpiada Dresden 2008 Femenina"]
[Site "Dresden GER"]
[Date "2008.11.15"]
[Round "3.24"]
[White "Mazariegos, Silvia Carolina"]
[Black "Franciskovic, Borka"]
[Result "1-0"]
[WhiteElo "1962"]
[BlackElo "2275"]
[PlyCount "90"]
[EventDate "2008.11.13"]
[EventType "team-tourn"]
[EventRounds "11"]
[EventCountry "GER"]
[Source "lmi"]
[SourceDate "2008.11.13"]
[WhiteTeam "Guatemala"]
[BlackTeam "Croacia"]
[WhiteTeamCountry "GUA"]
[BlackTeamCountry "CRO"]

1. e4 c5 2. Nf3 d6 3. d4 cxd4 4. Nxd4 Nf6 5. Nc3 Nc6 6. Bg5 e6 7. Qd2 a6 8.
O-O-O Qc7 9. Be2 h5 10. h3 Bd7 11. f4 Be7 12. Bf3 O-O-O 13. Rhe1 Nxd4 14. Qxd4
Bc6 15. Qe3 Ng8 16. Bxe7 Nxe7 17. Rd2 h4 18. Red1 Ng6 19. Ne2 Kb8 20. Qa3 Bb5
21. Nd4 Nxf4 22. Nxb5 axb5 23. Rxd6 Rxd6 24. Qxd6 Qxd6 25. Rxd6 Kc7 26. Rd2 Ra8
27. Kb1 e5 28. a3 g6 29. Bg4 Rd8 30. Rxd8 Kxd8 31. Bf3 Kc7 32. Kc1 f5 33. Kd2
Kb6 34. b4 Ne6 35. c3 Ng5 36. Ke3 Nf7 37. Be2 Nd6 38. Bd3 Kc6 39. Kf3 fxe4+ 40.
Bxe4+ Nxe4 41. Kxe4 Kd6 42. Kf3 Kd5 43. Kg4 Kc4 44. Kxh4 e4 45. Kg3 Kd3 1-0

[Event "Olimpiada Dresden 2008 Femenina"]
[Site "Dresden GER"]
[Date "2008.11.15"]
[Round "3.24"]
[White "Sargac, Rajna"]
[Black "Figueroa, Julissa"]
[Result "0-1"]
[WhiteElo "2195"]
[BlackElo "1761"]
[PlyCount "95"]
[EventDate "2008.11.13"]
[EventType "team-tourn"]
[EventRounds "11"]
[EventCountry "GER"]
[Source "lmi"]
[SourceDate "2008.11.13"]
[WhiteTeam "Croacia"]
[BlackTeam "Guatemala"]
[WhiteTeamCountry "CRO"]
[BlackTeamCountry "GUA"]

1. e4 c6 2. d4 d5 3. e5 Bf5 4. Be3 e6 5. c3 Nd7 6. Nd2 c5 7. dxc5 Bxc5 8. Bxc5
Nxc5 9. Bb5+ Kf8 10. Nb3 Qc7 11. Nxc5 Qxc5 12. Bd3 Ne7 13. Nf3 h6 14. O-O Bg4
15. h3 Bh5 16. Re1 Rd8 17. Rc1 g5 18. Rc2 Rg8 19. Be2 Bg6 20. Rd2 Nc6 21. Bd3
Bh5 22. Be2 g4 23. Nh2 Nxe5 24. Bxg4 Nxg4 25. hxg4 Bg6 26. Rd4 b5 27. Nf3 h5
28. Ne5 hxg4 29. Rxg4 Bh7 30. Qf3 f5 31. Rxg8+ Bxg8 32. Qf4 Ke8 33. Qg5 Qf8 34.
Qg6+ Ke7 35. Nc6+ Kd6 36. Nxd8 Qxd8 37. Qg7 a5 38. Re3 Qe8 39. Qe5+ Kd7 40. Rg3
Bf7 41. Rg7 Qf8 42. Qf6 Ke8 43. Qe5 Kd7 44. Qd4 Ke8 45. Rh7 b4 46. Qa7 bxc3 47.
bxc3 Qe7 48. Rh8+ 0-1

[Event "Olimpiada Dresden 2008 Femenina"]
[Site "Dresden GER"]
[Date "2008.11.15"]
[Round "3.25"]
[White "Ciuksyte, Dagne"]
[Black "Milligan, Helen"]
[Result "1-0"]
[WhiteElo "2339"]
[BlackElo "1957"]
[PlyCount "78"]
[EventDate "2008.11.13"]
[EventType "team-tourn"]
[EventRounds "11"]
[EventCountry "GER"]
[Source "lmi"]
[SourceDate "2008.11.13"]
[WhiteTeam "Inglaterra"]
[BlackTeam "Nueva Zelanda"]
[WhiteTeamCountry "ENG"]
[BlackTeamCountry "NZL"]

1. e4 c5 2. Nf3 Nc6 3. d4 cxd4 4. Nxd4 e5 5. Nb5 d6 6. N1c3 a6 7. Na3 b5 8. Nd5
Nf6 9. Bg5 Qa5+ 10. Bd2 Qd8 11. Bg5 Qa5+ 12. Bd2 Qd8 13. Nxf6+ Qxf6 14. Bd3 Qg6
15. O-O Bh3 16. Qf3 Bg4 17. Qg3 Be6 18. c4 Qxg3 19. hxg3 b4 20. Nc2 a5 21. Ne3
Be7 22. Rfc1 O-O 23. Nd5 Rfb8 24. Be3 Bd8 25. c5 dxc5 26. Rxc5 Ne7 27. Nc7 Bxc7
28. Rxc7 Rd8 29. Bb5 Nc8 30. Bc6 Rb8 31. b3 h6 32. Rc1 Nd6 33. Ra7 Nb5 34. Bxb5
Rxb5 35. Rc5 Rd1+ 36. Kh2 Rxc5 37. Bxc5 Ra1 38. Rxa5 Bxb3 39. Bxb4 Rxa2 1-0

[Event "Olimpiada Dresden 2008 Femenina"]
[Site "Dresden GER"]
[Date "2008.11.15"]
[Round "3.25"]
[White "Gao, Judy"]
[Black "Lauterbach, Ingrid"]
[Result "0-1"]
[WhiteElo "1896"]
[BlackElo "2178"]
[PlyCount "68"]
[EventDate "2008.11.13"]
[EventType "team-tourn"]
[EventRounds "11"]
[EventCountry "GER"]
[Source "lmi"]
[SourceDate "2008.11.13"]
[WhiteTeam "Nueva Zelanda"]
[BlackTeam "Inglaterra"]
[WhiteTeamCountry "NZL"]
[BlackTeamCountry "ENG"]

1. e4 d6 2. d4 Nf6 3. Nc3 g6 4. f4 Bg7 5. Nf3 O-O 6. Bd3 Na6 7. O-O c5 8. d5
Bg4 9. h3 Bxf3 10. Rxf3 Nc7 11. Bc4 b5 12. Nxb5 Nxe4 13. Nxc7 Qxc7 14. Qe2 Nf6
15. Bd2 Nd7 16. Bc3 Bxc3 17. Rxc3 Nb6 18. Re1 Nxc4 19. Qxc4 Rab8 20. b3 Qd7 21.
Rce3 Rfe8 22. Qe2 Qf5 23. c4 Rb7 24. Re4 Qf6 25. Qd2 Ra8 26. Qa5 Kg7 27. R1e2
Qa1+ 28. Kh2 Qf6 29. g4 Re8 30. Qd2 Kf8 31. g5 Qf5 32. Kg3 Kg8 33. Qa5 Kg7 34.
Qc3+ Kg8 0-1

[Event "Olimpiada Dresden 2008 Femenina"]
[Site "Dresden GER"]
[Date "2008.11.15"]
[Round "3.25"]
[White "Grigoryan-Lyell, Meri"]
[Black "Smith, Vivian J"]
[Result "1-0"]
[WhiteElo "2076"]
[BlackElo "1858"]
[PlyCount "133"]
[EventDate "2008.11.13"]
[EventType "team-tourn"]
[EventRounds "11"]
[EventCountry "GER"]
[Source "lmi"]
[SourceDate "2008.11.13"]
[WhiteTeam "Inglaterra"]
[BlackTeam "Nueva Zelanda"]
[WhiteTeamCountry "ENG"]
[BlackTeamCountry "NZL"]

1. c4 c5 2. Nf3 Nc6 3. d4 cxd4 4. Nxd4 g6 5. e4 Nf6 6. Nc3 Nxd4 7. Qxd4 d6 8.
Be3 Bg7 9. f3 O-O 10. Qd2 Qa5 11. Rc1 Be6 12. b3 Rfc8 13. Bd3 a6 14. Ne2 Qxd2+
15. Kxd2 Nd7 16. Nf4 Nc5 17. Be2 a5 18. Rc2 Na6 19. a3 Nc5 20. Rb1 a4 21. b4
Nb3+ 22. Kd3 Na1 23. Rcc1 Nb3 24. Rc2 Na1 25. Rxa1 Bxa1 26. Nd5 Bxd5 27. exd5
e6 28. dxe6 fxe6 29. f4 Rc7 30. Bf3 Bf6 31. Bb6 Rd7 32. Rd2 Kf7 33. Be3 Rc8 34.
Rc2 Bd8 35. Bd1 b6 36. Bd4 d5 37. c5 bxc5 38. Rxc5 Rxc5 39. Bxc5 Be7 40. Bxa4
Rc7 41. Be3 Bf6 42. Bc5 Bb2 43. g3 Bxa3 44. Kc3 Bc1 45. Kb3 g5 46. Bd6 Rc8 47.
Bb5 gxf4 48. gxf4 Rd8 49. Bc7 Ra8 50. Bd3 Ke7 51. f5 exf5 52. Bxf5 h6 53. b5
Be3 54. Kb4 Ra2 55. b6 Bxb6 56. Bxb6 Rxh2 57. Kc5 Rd2 58. Ba5 Rd1 59. Bg4 Ra1
60. Bb4 Rb1 61. Bf3 d4 62. Bd2 Rb2 63. Bxh6 d3 64. Kd4 Rf2 65. Bg5+ Kf8 66. Ke3
Rxf3+ 67. Ke4 1-0